Statistiques concernant Les 20 villes les plus peuplées de l'Aude sur une carte

Cliquez ici pour prendre le quiz!

Statistiques générales

  • Ce quiz a été pris 68 fois
  • Le résultat moyen est 9 sur 20

Réponses sur la Carte

Les réponses sont colorées sur une échelle allant du rouge au vert en fonction du pourcentage des utilisateurs qui les ont devinées à leur premier essai. Vous pouvez retrouver ces pourcentages ci-dessous.
 

Statistiques - réponses

HabitantsRéponse% Correct
56 395Narbonne
100%
46 218Carcassonne
98%
12 448Castelnaudary
69%
10 302Limoux
69%
5 096Gruissan
64%
4 550Leucate
56%
10 952Lézignan-Corbières
56%
5 905Port-la-Nouvelle
46%
5 583Sigean
46%
5 416Trèbes
41%
3 896Fleury
36%
5 751Coursan
32%
3 066Quillan
32%
3 239Bram
29%
4 061Cuxac-d'Aude
25%
3 250Salles d'Aude
24%
2 671Vinassan
24%
4 468Villemoustaussou
20%
3 064Sallèles-d'Aude
17%
2 795Pennautier
12%

Distribution des résultats

Percentile par nombre de réponses

% des personnes avec chaque résultat

Votre développement - résultats

Vous n’avez pas pris ce quiz